Veszedelmes olvasmányok erotikus illusztrációk a 18. századi francia irodalomba : kiállítás az Országos Széchényi Könyvtár, a Tony Fekete Magángyűjtemény, a Bibliothèque nationale de France, az Österreichische Nationalbibliothek és a Biblioteca Judeţeană "A. D. Xenopol", Arad együttműködésében

Bibliographic Details
Other Authors: Granasztói, Olga (Curator, Editor)
Format: Book
Language:Hungarian
French
PhysicalDescription:196 s ilustr., faks. 26 cm
Published: Budapest Országos Széchényi Könyvtár 2007
ISBN:9789632005331 (brož.)
Subjects:

MARC

LEADER 00000nam a2200000 a 4500
001 vtls009310068
003 SK-MaSNL
005 20260301081718.0
008 080708s2007 hu ha g c 000 0 hun
020 |a 9789632005331 (brož.) 
040 |a SNK  |b slo  |c SNK  |e AACR2 
041 0 |a hun  |a fre 
043 |a e-fr--- 
044 |a hu  |c HU 
072 7 |a 76  |x Grafické umenie. Grafika  |2 konspekt 
080 |a 821.133.1  |2 2001 
080 |a 82-993  |2 2001 
080 |a 74/76.05  |2 2001 
080 |a 613.88  |2 2001 
080 |a 7.04  |2 2001 
080 |a (44)  |2 2001 
080 |a (083.824)  |2 2001 
245 0 0 |a Veszedelmes olvasmányok  |b erotikus illusztrációk a 18. századi francia irodalomba : kiállítás az Országos Széchényi Könyvtár, a Tony Fekete Magángyűjtemény, a Bibliothèque nationale de France, az Österreichische Nationalbibliothek és a Biblioteca Judeţeană "A. D. Xenopol", Arad együttműködésében  |c [a kiállítás kurátora és a kötet szerkesztője Granasztói Olga] 
246 1 1 |a Lectures dangereuses 
260 |a Budapest  |b Országos Széchényi Könyvtár  |c 2007 
300 |a 196 s  |b ilustr., faks.  |c 26 cm 
504 |a Obsahuje bibliogr. 
546 |a Súbež. text franc. 
648 7 |a 18. stor.  |2 SNKPH  |9 283423 
650 0 7 |a francúzska literatúra  |2 SNKPH  |9 1186 
650 0 7 |a erotická literatúra  |2 SNKPH  |9 75484 
650 0 7 |a knižné ilustrácie  |2 SNKPH  |9 2742 
650 0 7 |a erotika  |2 SNKPH  |9 3764 
650 0 7 |a umelecké námety  |2 SNKPH  |9 2885 
655 7 |a katalógy výstav  |2 SNKPH  |9 70445 
700 1 |a Granasztói, Olga  |4 cur  |4 edt  |9 405451 
919 |a 978-963-200-533-1 
999 |c 656604  |d 658534 
952 |a SNK  |b SNK  |y VYP  |7 0  |p 17A0618283  |o snkOSB 15306 D1  |i snk2009/11514  |8 2  |g 20.00  |0 0  |1 0  |4 0  |d 2009-06-11  |l 0  |r 2026-02-23 18:40:31  |w 2026-02-23 
952 |a SNK  |b SNK  |y PREZ  |7 0  |p 17A0595485  |o snkOSB 15306  |i snk2008/16793  |8 2  |g 18.59  |0 0  |1 0  |4 0  |d 2008-07-08  |l 0  |r 2026-02-23 18:40:31  |w 2026-02-23